| 000 | 00000nam##2200000za#4500 |
| 001 | 9.580329 |
| 003 | CaOODSP |
| 005 | 20210624191003 |
| 007 | cr ||||||||||| |
| 008 | 150406|1981||||xxc|||||o f|0| 0 eng|d |
| 040 | |aCaOODSP|beng |
| 043 | |an-cn--- |
| 086 | 1 |aFs97-13/196E-PDF |
| 110 | 1 |aCanada. |bDepartment of Fisheries and Oceans. |
| 245 | 10|aBasic data for the 1978 Canadian Salmonid Catch Sampling and Mark Recovery Program : |h[electronic resource]|bpart 4B of 4 parts catch, sample size, observed and estimated mark recoveries for 16 catch regions / |cby K. Simpson, J.A. Kokubo and T.A. Mosley. |
| 260 | |aVancouver - British Columbia : |bFisheries and Oceans Canada |c1981. |
| 300 | |a602p.|bfigs., tables |
| 490 | 1 |aCanadian data report of fisheries and aquatic sciences|vNo. 196 |
| 500 | |aFile reproduced from original print. On t. p. : Vancouver, British Columbia. The catalogue number and original ISSN for the print edition appear in the PDF version. |
| 546 | |a(Résumé en français) |
| 590 | |a14-14-Supp|b2014-07-24 |
| 720 | 1 |aSimpson, K |
| 720 | 1 |aKokubo, J. A. |
| 720 | 1 |aMosley, T. A. |
| 830 | #0|aCanadian data report of fisheries and aquatic sciences ;|vNo. 196|w(CaOODSP)9.505124 |
| 856 | 40|ahttp://publications.gc.ca|qPDF|s19.85 MB|uhttps://publications.gc.ca/collections/collection_2014/mpo-dfo/Fs97-13-196-eng.pdf|yNo. 196 |